European Battle Royale: Day 4 - Statistics

General Stats
  • This quiz has been taken 168 times
  • The average score is 3 of 5
Answer Stats
Question Answer % Correct
France Yes, I want to save this country from elimination.
81%
Greece Yes, I want to save this country from elimination.
75%
Germany Yes, I want to save this country from elimination.
72%
Hungary Yes, I want to save this country from elimination.
63%
Georgia Yes, I want to save this country from elimination.
47%
No matching quizzes found
Score Distribution
Percent of People with Each Score
Percentile by Number Answered
Your Score History
You have not taken this quiz